Secure channel establishment scheme for the isolation of misdirection attack in the IOT (Record no. 393546)

MARC details
000 -LEADER
fixed length control field 00530nam a2200181 4500
005 - DATE & TIME
control field 20250925161335.0
008 - FIXED-LENGTH DATA ELEMENTS--GENERAL INFORMATION
fixed length control field 250925b |||||||| |||| 00| 0 eng d
040 ## - CATALOGING SOURCE
Original cataloging agency VIVEKANANDA LIBRARY
082 ## - DDC NUMBER
Classification number 621.381
Book Number K642S
100 ## - MAIN ENTRY--PERSONAL NAME
Personal name Kirti
245 ## - TITLE STATEMENT
Title Secure channel establishment scheme for the isolation of misdirection attack in the IOT
260 ## - PUBLICATION, DISTRIBUTION, ETC. (IMPRINT)
Name of publisher, distributor, etc Department of UIET, M D University, Rohtak
Date of publication, distribution, etc 2025
300 ## - PHYSICAL DESCRIPTION
Pages xiii, 195
650 ## - Subject
Subject Electronics Engineering
700 ## - Added Entry Personal Name
Added Entry Personal Name Sangwan, Anil
700 ## - Added Entry Personal Name
Added Entry Personal Name Shailender Kumar
942 ## - ADDED ENTRY ELEMENTS (KOHA)
Koha item type Thesis
Holdings
Withdrawn status Lost status Source of classification or shelving scheme Damaged status Not for loan Location (home branch) Sublocation or collection (holding branch) Shelving location Date acquired Koha issues (times borrowed) Koha full call number Accession No. Koha date last seen Copy number Koha item type
    Dewey Decimal Classification     VIVEKANANDA LIBRARY VIVEKANANDA LIBRARY Vivekananda Library 25/09/2025   621.381 K642S 411155 25/09/2025 R Thesis
© Designed and Maintained by Vivekananda Library, MDU Rohtak